000 00603nam a2200181Ia 4500
008 090123s9999 xx 000 0 und d
082 _b22821
100 _aराऊत रामचंद्र
245 _aप्राचीन भारत व तारापूर
250 _a1
260 _c1993
300 _a193
600 _aराऊत रामचंद्र
630 _aप्राचीन भारत व तारापूर
700 _aराऊत रामचंद्र
730 _aप्राचीन भारत व तारापूर
942 _cBOOK
999 _c60893
_d60893